000 00617cam a2200217ua 4500
001 11776
005 20260515114810.0
008 191105n ii |||gr||||Z||||||eng
020 _a9788131104071
040 _cMAIN
082 _a954.03
100 _aS.Ram . ,
_eAuthor.
245 _aEncyclopaedic history of medieval India :
_bmughal empire in India(1526-1707 AD) /
_cBy S.Ram .
250 _a1st ed. /
_bvol.5.
260 _aNew Delhi:
_bCommonwealth,
_c2012.
300 _a336p.
653 _aSouth Asia India
653 _aIndian History Encyclopaedia
700 _aShiv Gajrani,
_eAuthor.
942 _cBK
999 _c10559
_d10559